|
|
|
|
| LEADER |
00000nam a2200000 a 4500 |
| 001 |
vtls001075895 |
| 003 |
SK-MaSNL |
| 005 |
20260302063927.0 |
| 008 |
250414s1994 xo slo |
| 015 |
|
|
|a SNBA1994/08
|
| 020 |
|
|
|a 8071620483
|
| 035 |
|
|
|a SNK000018728
|
| 035 |
|
|
|a urn:nbn:sk:snk-amlo7u
|
| 035 |
|
|
|a urn:nbn:sk:snk-am00bx8n
|
| 035 |
|
|
|a 101435EF-8EC8-4A47-8DA5-2E54247FE458
|
| 040 |
|
|
|a SNK
|b slo
|c SNK
|e AACR2
|
| 041 |
0 |
|
|a slo
|
| 044 |
|
|
|a xo
|c SK
|
| 072 |
|
7 |
|a 911
|x Všeobecná geografia. Systematická geografia
|2 konspekt
|
| 080 |
|
|
|a 911.375
|2 2001
|
| 080 |
|
|
|a (437.6)
|2 2001
|
| 080 |
|
|
|a (084.11)
|2 2001
|
| 100 |
1 |
|
|a Radváni, Hadrián,
|d 1918-2014
|4 aut
|9 157884
|
| 245 |
1 |
0 |
|a Stará Trnava v obrazoch
|c Hadrián Radváni ; Graf. upr. Andrej Grossmann ; Fotogr. Jozef Filípek ; Prebal navrhol Andrej Grossmann ; Úv. nap. Jozef Šimončič
|
| 246 |
1 |
0 |
|a The old Trnava in pictures
|
| 246 |
1 |
0 |
|a Das alte Trnava in Bildern
|
| 246 |
1 |
0 |
|a L' Antica Trnava nelle imagini
|
| 250 |
|
|
|a 1. vyd.
|
| 260 |
|
|
|a Trnava
|b Spolok sv. Vojtecha
|c 1994
|
| 300 |
|
|
|a 80 s.
|b fotogr.
|c 30 cm
|
| 500 |
|
|
|a Text pod fotogr. v angl., tal. a nem.
|
| 504 |
|
|
|a Bibliogr.
|
| 650 |
0 |
7 |
|a mestá
|2 SNKPH
|9 2929
|
| 650 |
0 |
7 |
|a Towns
|2 SNKPHeng
|9 270165
|
| 651 |
|
7 |
|a Trnava (Slovensko)
|2 SNKPH
|9 19407
|
| 655 |
|
7 |
|a obrazové publikácie
|2 SNKPH
|9 70343
|
| 655 |
|
7 |
|a Pictorial works
|2 SNKPHeng
|9 284468
|
| 700 |
1 |
|
|a Grossmann, Andrej
|4 ill
|9 44020
|
| 700 |
1 |
|
|a Filípek, Jozef,
|d 1919-
|4 pht
|9 36951
|
| 700 |
1 |
|
|a Grossmann, Andrej
|4 oth
|9 44020
|
| 700 |
1 |
|
|a Šimončič, Jozef,
|d 1928-2020
|4 aui
|9 101128
|
| 852 |
|
|
|a Slovenská národná knižnica
|
| 919 |
|
|
|a 80-7162-048-3
|
| 958 |
|
|
|a TL
|
| 958 |
|
|
|a NB
|
| 999 |
|
|
|c 1134838
|d 1136768
|
| 952 |
|
|
|t P60, <04>, [BOOK], {604}
|a SNK
|b SNK
|y VYP
|7 0
|p 17A0080553
|o snkSB 52828 D1
|0 0
|1 0
|4 0
|d 1997-07-15
|l 0
|r 2004-12-31 00:00:00
|w 2026-02-24
|
| 952 |
|
|
|a SNK
|b SNK
|y PREZ
|7 0
|p 17A0926463
|o snkSB 52828
|0 0
|1 0
|4 0
|d 2012-07-17
|f 1
|l 0
|r 2025-03-18 00:00:00
|w 2026-02-24
|